| 000 | 00712nam a2200205 i 4500 | ||
|---|---|---|---|
| 001 | 69229 | ||
| 003 | ES-MaACL | ||
| 005 | 20230906170452.0 | ||
| 007 | t| | ||
| 008 | 040921s1996 sp ||||1| spa d | ||
| 020 | _a84-00-07616-8 | ||
| 080 | _a728.82(460.27M.) | ||
| 100 | 1 |
_aRull Sabater, Alberto. _9100979 |
|
| 245 | 1 | 3 |
_aEl palacio del Marqués de Casa Riera / _cpor Alberto Rull Sabater. |
| 260 |
_aMadrid : _bAnales del Instituto de Estudios Madrileños, _c1996. |
||
| 300 |
_ap. 301-318 : _bil. ; _c24 cm. |
||
| 500 | _aTirada aparte de los Anales del Instituto de Estudios Madrileños, tomo XXXVI. | ||
| 610 | 2 | 7 |
_aPalacio del Marqués de Casa Riera. _96094 |
| 852 |
_aES-MaACL _j2180-F-13 _bR.125764 |
||
| 999 |
_c69229 _d69229 |
||